000 00524nam a2200181Ia 4500
005 20250923144411.0
008 008 250917s9999 xx 000 0 eng d
037 _aTextual
040 _aDSWL
_beng
_cDSWL
041 _aeng
_2eng
084 _aY111:45:6y7, G11
_qDSWL
100 _aShaw, C.R.
_9824512
245 0 _aNatural history of delinquent career
_cby C.R. Shaw
260 _aPhiladelphia
_c1931
300 _a282 p.
942 _cTEXL
_hY111:45:6y7, G11
999 _c1438383
_d1438383